000
00297nam a2200121 a 4500
008
101213s1957|||| d
245
1
0
_a
Literárna siluetka J. W. Goetheho
100
1
_a
Pašteka, Július
260
_b
SVKL
_a
Bratislava
_c
1957
020
_c
12,40
044
_a
xo
_c
SK
041
_a
slo
999
_c
15215
_d
15215